| 000 | 00684nam a2200205Ia 4500 | ||
|---|---|---|---|
| 003 | OSt | ||
| 005 | 20250612121712.0 | ||
| 008 | 210210b1986 xxu||||| |||| 00| 0 eng d | ||
| 040 | _cAL | ||
| 041 | _aKannada | ||
| 082 | _aK894.8 NIRA | ||
| 100 |
_aNIRANJANA _dನಿರಂಜನ _9214571 |
||
| 245 |
_aKanasu: palige banda panchamrata ekangini dikshe _bಕನಸು: ಪಾಲಿಗೆ ಬಂದ ಪಂಚಾಮೃತ ಏಕಾಂಗಿ ದೀಕ್ಷೆ |
||
| 260 |
_aBengaluru _bAi Bi Ech Prakashana _c1986 |
||
| 300 | _aviii,440 | ||
| 650 |
_aPalige banda panchamrata ekangini dikshe _9214572 |
||
| 690 |
_aKannada Miscellaneous _9214573 |
||
| 906 | _a040647 | ||
| 942 |
_2ddc _cBK |
||
| 999 |
_c90666 _d90666 |
||